<?xml version="1.0" encoding="UTF-8"?>
<marc:record xmlns:marc="http://www.loc.gov/MARC21/slim">
   <marc:leader>00000nam a2200000 a 4500</marc:leader>
   <marc:datafield ind1="1" ind2=" " tag="100">
      <marc:subfield code="a">Hauptmann, Gaby</marc:subfield>
      <marc:subfield code="4">ctb</marc:subfield>
      <marc:subfield code="e">Mitwirkende/-r</marc:subfield>
   </marc:datafield>
   <marc:datafield ind1="1" ind2=" " tag="100">
      <marc:subfield code="a">Weber, Anne</marc:subfield>
      <marc:subfield code="4">ctb</marc:subfield>
      <marc:subfield code="e">Mitwirkende/-r</marc:subfield>
   </marc:datafield>
   <marc:datafield ind1="1" ind2=" " tag="100">
      <marc:subfield code="a">Kreis, Gabriele</marc:subfield>
      <marc:subfield code="4">ctb</marc:subfield>
      <marc:subfield code="e">Mitwirkende/-r</marc:subfield>
   </marc:datafield>
   <marc:datafield ind1="0" ind2="0" tag="245">
      <marc:subfield code="a">Zeig mir, was Liebe ist</marc:subfield>
   </marc:datafield>
   <marc:datafield ind1="0" ind2="0" tag="245">
      <marc:subfield code="c">Gaby Hauptmann. Gelesen von Anne Weber. Regie: Gabriele Kreis</marc:subfield>
   </marc:datafield>
   <marc:datafield ind1=" " ind2="1" tag="264">
      <marc:subfield code="a">Hamburg</marc:subfield>
      <marc:subfield code="b">Osterwold Audio bei Hörbuch Hamburg</marc:subfield>
      <marc:subfield code="c">2015</marc:subfield>
   </marc:datafield>
   <marc:datafield ind1="1" ind2=" " tag="520">
      <marc:subfield code="a">Angaben aus der Verlagsmeldung

Zeig mir, was Liebe ist : 6 CDs / von Gaby Hauptmann

Ist Geld wirklich alles? Findet Leska nicht. Valentin schon. Er kommt aus einer reichen Familie, und der &amp;Uuml;berfluss ist f&amp;uuml;r ihn selbstverst&amp;auml;ndlich. Bis er Leska trifft &amp;ndash; und spontan mit ihr im Ferrari seines Vaters durchbrennt. Blo&amp;szlig;: der seltene Oldtimer ist mehr als 10 Millionen wert. Und w&amp;auml;hrend sich Valentin und Leska auf ihrem verbotenen Ausflug nach Italien immer n&amp;auml;herkommen, wird ihm schmerzlich klar, dass so ein Wagen kriminelle Begehrlichkeiten weckt &amp;ndash; und seine Leska nicht nur seinetwegen durchgebrannt ist.
</marc:subfield>
   </marc:datafield>
   <marc:datafield ind1=" " ind2=" " tag="020">
      <marc:subfield code="a">9783869522500</marc:subfield>
      <marc:subfield code="9">9783869522500</marc:subfield>
   </marc:datafield>
   <marc:datafield ind1=" " ind2=" " tag="020">
      <marc:subfield code="a">386952250X</marc:subfield>
      <marc:subfield code="9">386952250X</marc:subfield>
   </marc:datafield>
   <marc:datafield ind1=" " ind2=" " tag="300">
      <marc:subfield code="a">5 CDs (ca. 361 Min.)</marc:subfield>
   </marc:datafield>
</marc:record>
